Dépêches, circulaires, décrets, proclamations et discours de Léon Gambetta : (Record no. 54868)

MARC details
000 -LEADER
campo de control de longitud fija 01044nam a2200253 i 4500
001 - NÚMERO DE CONTROL
campo de control 54868
003 - IDENTIFICADOR DE NÚMERO DE CONTROL
campo de control ES-MaACL
005 - FECHA Y HORA DE LA ÚLTIMA TRANSACCIÓN
campo de control 20250808073458.0
007 - CAMPO FIJO DE DESCRIPCIÓN FÍSICA--INFORMACIÓN GENERAL
campo de control de longitud fija t|
008 - DATOS DE LONGITUD FIJA--INFORMACIÓN GENERAL
campo de control de longitud fija 960726m18861891fr ||||1| fre d
100 1# - ENTRADA PRINCIPAL--NOMBRE DE PERSONA
Nombre de persona Gambetta, Leon.
9 (RLIN) 53756
245 10 - MENCIÓN DEL TÍTULO
Título Dépêches, circulaires, décrets, proclamations et discours de Léon Gambetta :
Resto del título (4 Septembre 1870-6 Février 1871) /
Mención de responsabilidad, etc. publiés par M. Joseph Reinach.
250 ## - MENCION DE EDICION
Mención de edición Ed. définitive.
260 ## - PUBLICACIÓN, DISTRIBUCIÓN, ETC.
Lugar de publicación, distribución, etc. Paris :
Nombre del editor, distribuidor, etc. G. Charpentier et Cie.,
Fecha de publicación, distribución, etc. 1886-1891 (
Fabricante Typ. Georges Chamerot)
300 ## - DESCRIPCIÓN FÍSICA
Extensión 2 v. (IV, 528 ; IV, 536 p.) ;
Dimensiones 22 cm.
530 ## - NOTA DISPONIBLE DE FORMULARIO FÍSICO ADICIONAL
Nota de formato físico adicional disponible Disponible en formato digital.
651 #7 - PUNTO DE ACCESO ADICIONAL DE MATERIA--NOMBRE GEOGRÁFICO
Nombre geográfico Francia-
Subdivisión general Política y gobierno-
Subdivisión cronológica 1848-1870
Fuente del encabezamiento o término
9 (RLIN) 172896
651 #4 - PUNTO DE ACCESO ADICIONAL DE MATERIA--NOMBRE GEOGRÁFICO
Nombre geográfico Francia-
Subdivisión general Historia-
Subdivisión cronológica 1848-1870.
9 (RLIN) 141388
700 1# - ENTRADA AGREGADA--NOMBRE PERSONAL
Nombre de persona Reinach, Joseph.
9 (RLIN) 96038
852 4# - LOCALIZACIÓN
Ubicación ES-MaACL
Número de control de estantería F-11102-03
856 4# - LOCALIZACIÓN Y ACCESO ELECTRÓNICOS
Identificador Uniforme de Recursos <a href="https://archive.org/details/dpchescirculaire01gamb ">https://archive.org/details/dpchescirculaire01gamb </a>
Nota pública Internet Archive
-- (V. 1)
856 ## - LOCALIZACIÓN Y ACCESO ELECTRÓNICOS
Identificador Uniforme de Recursos <a href="https://archive.org/details/dpchescirculaire02gamb ">https://archive.org/details/dpchescirculaire02gamb </a>
Nota pública Internet Archive
-- (V. 2)
Holdings
Estatus retirado Estado de pérdida Estado de daño No para préstamo Colección Biblioteca de origen Biblioteca actual Ubicación en estantería Fecha de adquisición Fuente de adquisición Total de préstamos Signatura topográfica completa Código de barras Visto por última vez Precio de reemplazo Tipo de ítem Koha
        Colección digital Biblioteca del Ateneo de Madrid Biblioteca del Ateneo de Madrid Sala Pecera Planta 2 17/01/2008     F-11102-3 1057657 23/02/2023 23/02/2023 Libro impreso antiguo